Catálogo

EL CAMINO A LEVIATAN : (Registro nro. 57697)

Detalles MARC
000 -LEADER
fixed length control field 00772nam a2200205 a 4500
001 - CONTROL NUMBER
control field 57697
005 - DATE AND TIME OF LATEST TRANSACTION
control field 20180714054006.0
008 - FIXED-LENGTH DATA ELEMENTS--GENERAL INFORMATION
fixed length control field 140415s1990 mx 000 0 spa d
020 ## - INTERNATIONAL STANDARD BOOK NUMBER
International Standard Book Number 9682925770
041 ## - LANGUAGE CODE
Language code of text/sound track or separate title spa
082 ## - DEWEY DECIMAL CLASSIFICATION NUMBER
Classification number 972.75
Item number BEN
100 1# - MAIN ENTRY--PERSONAL NAME
Personal name BENJAMIN, THOMAS LOUIS
245 13 - TITLE STATEMENT
Title EL CAMINO A LEVIATAN :
Remainder of title CHIAPAS Y EL ESTADO MEXICANO
250 ## - EDITION STATEMENT
Edition statement 1a ed.
260 ## - PUBLICATION, DISTRIBUTION, ETC.
Place of publication, distribution, etc. MEXICO :
Name of publisher, distributor, etc. CONSEJO NACIONAL PARA LA CULTURA Y LAS ARTES,
Date of publication, distribution, etc. 1990
300 ## - PHYSICAL DESCRIPTION
Extent 537
Dimensions 13.2 x 2 x 21
490 ## - SERIES STATEMENT
Series statement LOS NOVENTA
520 ## - SUMMARY, ETC.
Summary, etc. EL AUTOR BUSCA DEMOSTRAR CUALES FUERON LOS IMPULSOS LOCALES QUE INTERVINIERON EL EL PROCESO DE LA HISTORIA DE CHIAPAS.
650 14 - SUBJECT ADDED ENTRY--TOPICAL TERM
Topical term or geographic name entry element CHIAPAS (MEXICO)
General subdivision HISTORIA
-- MEXICO
-- POLITICA Y GOBIERNO
-- CHIAPAS (MEXICO)
-- CONDICIONES ECONOMICAS
Existencias
Withdrawn status Lost status Source of classification or shelving scheme Damaged status Not for loan Collection code Home library Current library Shelving location Date acquired Source of acquisition Inventory number Total Checkouts Full call number Barcode Date last seen Price effective from Koha item type
    Dewey Decimal Classification     General Biblioteca Karol Wojtyla Biblioteca Karol Wojtyla Sala general 03/12/2013 Compra 151000000000000000038257   972.75 BEN 87187 05/01/2026 03/12/2013 Libro